Statistics for Dark Souls 3 Starting Classes

Click here to take the quiz!

General Stats

  • This quiz has been taken 60 times
  • The average score is 7 of 10

Answer Stats

Answer% Correct
Knight
98%
Warrior
86%
Cleric
82%
Deprived
80%
Pyromancer
77%
Sorcerer
77%
Thief
68%
Assassin
55%
Mercenary
50%
Herald
45%

Score Distribution

Percentile by Number Answered

Percent of People with Each Score

Your Score History

You have not taken this quiz